| 000 | 02592cam a22002414a 4500 | ||
|---|---|---|---|
| 005 | 20250605163950.0 | ||
| 008 | 250528s ||||||||||||||||||||||||d | ||
| 035 | _a15362 | ||
| 020 | _a70663750 | ||
| 040 |
_aGR-AtMCL _bgre _dGR-AtMCL _eAACR2 |
||
| 245 | 1 | _aManagement / International Student Edition: Seventh Edition | |
| 250 | _a7th | ||
| 260 |
_bMcgraw Hill Book Company, _c1980 |
||
| 300 | _a872 | ||
| 505 | 0 | _aPreface, The Basis of Management Theory and Science, The Emergence of Management Though, Patterns of Management Analysis, Managers and Their External Environment, Comparative and International Management, Planning, The Nature and Purpose of Planning, Objectives, Premising: Essential Step in Planning, Decision Making, Strategies and Policies, Making Planning Effective, Organizing, Nature and Purpose of Organizing, Basic Departmentation, Line and Staff Authority Relationships, Decentalization of Authority, Committees and Group Decision Making, Making Organizing Effective, Staffing, Nature and Purpose of Staffing, Selection of Managers, Appraisal of Managers, Manager and Organization Development, Leading, Managing and the Human Factor, Motivation, Leadership, Communication, Controlling, The System and Process of Controlling, Control Techniques, Control of Overall Performance, Direct Control: Ensuring Effective Managing, Glossary of Management Terms and Concepts, Name and Subject Index. | |
| 520 | _aPreface, The Basis of Management Theory and Science, The Emergence of Management Though, Patterns of Management Analysis, Managers and Their External Environment, Comparative and International Management, Planning, The Nature and Purpose of Planning, Objectives, Premising: Essential Step in Planning, Decision Making, Strategies and Policies, Making Planning Effective, Organizing, Nature and Purpose of Organizing, Basic Departmentation, Line and Staff Authority Relationships, Decentalization of Authority, Committees and Group Decision Making, Making Organizing Effective, Staffing, Nature and Purpose of Staffing, Selection of Managers, Appraisal of Managers, Manager and Organization Development, Leading, Managing and the Human Factor, Motivation, Leadership, Communication, Controlling, The System and Process of Controlling, Control Techniques, Control of Overall Performance, Direct Control: Ensuring Effective Managing, Glossary of Management Terms and Concepts, Name and Subject Index. | ||
| 700 | 1 |
_aDonnel'O Cyril _91264 |
|
| 700 | 1 |
_aKoontz Harold _9974 |
|
| 700 | 1 |
_aWeihrich Heinz _9975 |
|
| 942 | _cBK | ||
| 999 |
_c949 _d949 |
||